Die 20 größten Städte von Rheinland-Pfalz - Statistiken

Allgemein
  • Dieses Quiz wurde 287 mal gespielt
  • Das Durchschnittsergebnis liegt bei 14 aus 20
Antwortstatistiken
Einwohner in Tausend Stadt % Korrekt
209,8 Mainz
99%
114,9 Trier
97%
112,6 Koblenz
96%
98,5 Kaiserslautern
93%
164,7 Ludwigshafen am Rhein
93%
82,1 Worms
87%
50,3 Speyer
86%
40,1 Pirmasens
76%
45,4 Landau in der Pfalz
71%
53 Neustadt an der Weinstraße
69%
49,4 Bad Kreuznach
68%
25 Bingen am Rhein
68%
64,3 Neuwied
68%
34,3 Zweibrücken
65%
48,4 Frankenthal
64%
28,4 Idar-Oberstein
49%
20,6 Germersheim
48%
29,4 Andernach
47%
27,5 Bad Neuenahr-Ahrweiler
47%
26,5 Ingelheim am Rhein
45%
Keine übereinstimmenden Quizze gefunden
Verteilung der Resultate
Anzahl Personen mit jedem Resultat
Perzentil nach korrekt beantworteten Fragen
Ihre Resultats-Entwicklung
Sie haben dieses Quiz noch nicht gespielt